| 000 | 01515cam a2200373 i 4500 | ||
|---|---|---|---|
| 001 | 18917202 | ||
| 005 | 20221230190539.0 | ||
| 008 | 151218s2015 gw a b 000 0 eng | ||
| 906 |
_a7 _bcbc _corigres _d2 _encip _f20 _gy-gencatlg |
||
| 925 | 0 |
_aacquire _b1 shelf copy _xpolicy default |
|
| 010 | _a 2015493160 | ||
| 020 | _a9783887784447 (pbk.) | ||
| 035 | _a(GyWOH)har150412811 | ||
| 040 |
_aDLC _beng _erda _cDLC _dDLC |
||
| 042 | _apcc | ||
| 050 | 0 | 0 |
_aHV554.5 _b.D48 2015 |
| 245 | 0 | 0 |
_aDesign research on temporary homes : _bhospitable places for homeless, immigrants and refugees / _cElena Enrica Giunta, Agnese Rebaglio. |
| 246 | 3 | 0 | _aHospitable places for homeless, immigrants and refugees |
| 250 | _a1. print run. | ||
| 264 | 1 |
_aBaunach : _bSpurbuchverlag, _c[2015] |
|
| 300 |
_a140 pages : _bmany illustrations ; _c24 cm. |
||
| 336 |
_atext _2rdacontent |
||
| 337 |
_aunmediated _2rdamedia |
||
| 338 |
_avolume _2rdacarrier |
||
| 490 | 0 | _aArt, architecture, design, research | |
| 504 | _aIncludes bibliographical references (pages 133-139). | ||
| 650 | 0 |
_aEmergency housing _xDesign and construction. |
|
| 650 | 0 |
_aRefugees _xHousing. |
|
| 650 | 0 |
_aArchitecture and society _y21st century. |
|
| 700 | 1 |
_aGiunta, Elena Enrica, _eeditor. |
|
| 700 | 1 |
_aRebaglio, Agnese, _eeditor. |
|
| 923 |
_d20151222 _n0393244 _sGyWOH |
||
| 999 |
_c11117 _d11117 |
||